000 00502nam a2200193Ia 4500
008 101110s9999 xx 000 0 und d
041 _aENGLISH
082 _bSR17935
_a657.046
100 _aShukla S.M.
245 _aPractical Problems in advanced Accounts
365 _b45
520 _aCommerce
546 _aENGLISH
630 _aPractical Problems in advanced Accounts
650 _aCommerce
655 _aCommerce
730 _aPractical Problems in advanced Accounts
942 _cBOOK
999 _c811535
_d811532